Bluejackets and boxers : Australia's naval expedition to the Boxer Uprising /

Bibliographic Details
Main Author: Nicholls, Bob
Format: Book
Language:English
Published: Sydney ; Winchester, Mass. : Allen & Unwin, 1986.
Subjects:

MARC

Tag First Indicator Second Indicator Subfields
LEADER 00000cam a22000008a 4500
001 in00000008027
005 20151002070119.0
008 860421s1986 at ab b 00110 eng d
010 |a gb 85037895  
015 |a GB85-37895 
020 |a 0868617997 :  |c £18.00 (Jan.) 
035 |a (OCoLC)12583560 
035 |9 AAA0380AM 
040 |a UKM  |c UKM  |d UtOrBLW 
043 |a a-cc---  |a u-at--- 
050 4 |a DS772.3.N3  |b N52 1986 
100 1 |a Nicholls, Bob. 
245 1 0 |a Bluejackets and boxers :  |b Australia's naval expedition to the Boxer Uprising /  |c Bob Nicholls. 
264 1 |a Sydney ;  |a Winchester, Mass. :  |b Allen & Unwin,  |c 1986. 
300 |a xi, 164 pages :  |b illustrations, maps (some color) ;  |c 25 cm. 
336 |a text  |b txt  |2 rdacontent 
337 |a unmediated  |b n  |2 rdamedia 
338 |a volume  |b nc  |2 rdacarrier 
500 |a Col. illustrations on lining papers. 
504 |a Bibliography: pages 160-161. 
500 |a Includes index. 
651 0 |a China  |x History  |y Boxer Rebellion, 1899-1901  |x Naval operations, Australian. 
999 |a MARS 
999 f f |s 5694bf95-9b62-3598-bc66-dfb2dc9a4b68  |i c9928d69-2ac5-3468-ba66-29cd50760a2a  |t 0 
952 f f |p normal  |a Texas A&M University  |b College Station  |c Sterling C. Evans Library  |d Evans: Library Stacks  |t 0  |e DS772.3.N3 N52 1986  |h Library of Congress classification  |i unmediated -- volume  |m A14812544627 
998 f f |a DS772.3.N3 N52 1986  |t 0  |l Evans: Library Stacks